Every Movie with a LEGO Minifigure by Picture - Statistics

General Stats
  • This quiz has been taken 21 times
  • The average score is 111 of 171
Answer Stats
Picture Hint Answer % Correct
2025 The Fantastic Four: First Steps
93%
2024 Wicked
93%
2025 A Minecraft Movie
87%
2022 Black Panther: Wakanda Forever
87%
2025 Captain America: Brave New World
87%
2024 Despicable Me 4
87%
2024 Inside Out 2
87%
2024 Moana 2
87%
2023 Spider-Man: Across the Spider-Verse
87%
2023 The Little Mermaid
87%
2022 Avatar: The Way of Water
80%
2014 Big Hero 6
80%
2017 Coco
80%
2022 Doctor Strange in the Multiverse of Madness
80%
2019 Frozen II
80%
2016 Ghostbusters
80%
2023 Guardians of the Galaxy vol. 3
80%
2018 Incredibles 2
80%
2016 Moana
80%
2016 The Angry Birds Movie
80%
2022 The Batman
80%
2019 Toy Story 4
80%
1992 Aladdin
73%
2015 Ant-Man
73%
2018 Ant-Man and the Wasp
73%
2018 Aquaman
73%
2009 Avatar
73%
2015 Avengers: Age of Ultron
73%
2019 Avengers: Endgame
73%
2018 Avengers: Infinity War
73%
1991 Beauty and the Beast
73%
2018 Black Panther
73%
2019 Captain Marvel
73%
2016 Doctor Strange
73%
2013 Frozen
73%
2017 Guardians of the Galaxy vol. 2
73%
2001 Harry Potter and the Philosopher's Stone
73%
2008 Iron Man
73%
1993 Jurassic Park
73%
2015 Jurassic World
73%
2022 Minions: The Rise of Gru
73%
2003 Pirates of the Caribbean: The Curse of the Black Pearl
73%
2026 Project Hail Mary
73%
2004 The Incredibles
73%
2017 The LEGO Batman Movie
73%
2014 The LEGO Movie
73%
2017 The LEGO NINJAGO Movie
73%
1994 The Lion King
73%
2023 The Marvels
73%
2017 Thor: Ragnarok
73%
1993 Tim Burton’s The Nightmare Before Christmas
73%
2010 Toy Story 3
73%
2020 Trolls World Tour
73%
2009 Up
73%
1951 Alice in Wonderland
67%
1985 Back to the Future
67%
1942 Bambi
67%
2016 Batman v Superman: Dawn of Justice
67%
1988 Beetlejuice
67%
2021 Black Widow
67%
2016 Captain America: Civil War
67%
2011 Captain America: The First Avenger
67%
1950 Cinderella
67%
1941 Dumbo
67%
2021 Encanto
67%
1982 E.T. the Extra-Terrestrial
67%
2025 F1
67%
1984 Ghostbusters
67%
1984 Gremlins
67%
2014 Guardians of the Galaxy
67%
1997 Hercules
67%
1990 Home Alone
67%
2010 Iron Man 2
67%
2013 Iron Man 3
67%
2022 Lightyear
67%
2021 No Time to Die
67%
1953 Peter Pan
67%
1940 Pinocchio
67%
1981 Raiders of the Lost Ark
67%
2021 Raya and the Last Dragon
67%
1973 Robin Hood
67%
1937 Snow White and the Seven Dwarfs
67%
2018 Solo: A Star Wars Story
67%
2002 Spider-Man
67%
2004 Spider-Man 2
67%
2007 Spider-Man 3
67%
2017 Spider-Man: Homecoming
67%
2021 Spider-Man: No Way Home
67%
1977 Star Wars
67%
2016 Suicide Squad
67%
2012 The Avengers
67%
2015 The Hobbit: The Battle of the Five Armies
67%
2019 The LEGO Movie 2: The Second Part
67%
1989 The Little Mermaid
67%
2001 The Lord of the Rings: The Fellowship of the Ring
67%
2003 The Lord of the Rings: The Return of the King
67%
2002 The Lord of the Rings: The Two Towers
67%
2026 The Mandalorian and Grogu
67%
2009 The Princess and the Frog
67%
1939 The Wizard of Oz
67%
2011 Thor
67%
2022 Thor: Love and Thunder
67%
1971 Willy Wonka & the Chocolate Factory
67%
2017 Wonder Woman
67%
1989 Batman
60%
2012 Brave
60%
2014 Captain America: The Winter Soldier
60%
2016 Fantastic Beasts and Where to Find Them
60%
2010 Harry Potter and the Deathly Hallows – Part 1
60%
2011 Harry Potter and the Deathly Hallows – Part 2
60%
2005 Harry Potter and the Goblet of Fire
60%
2009 Harry Potter and the Half-Blood Prince
60%
2007 Harry Potter and the Order of the Phoenix
60%
2004 Harry Potter and the Prisoner of Azkaban
60%
2008 Indiana Jones and the Kingdom of the Crystal Skull
60%
2022 Jurassic World Dominion
60%
2018 Jurassic World: Fallen Kingdom
60%
2002 Lilo & Stitch
60%
1996 Mission: Impossible
60%
1998 Mulan
60%
1961 One Hundred and One Dalmatians
60%
2006 Pirates of the Caribbean: Dead Man's Chest
60%
1983 Return of the Jedi
60%
2016 Rogue One: A Star Wars Story
60%
2021 Shang-Chi and the Legend of the Ten Rings
60%
1959 Sleeping Beauty
60%
2019 Spider-Man: Far From Home
60%
2002 Star Wars: Episode II - Attack of the Clones
60%
2005 Star Wars: Episode III - Revenge of the Sith
60%
1999 Star Wars: Episode I - The Phantom Menace
60%
2019 Star Wars: Episode IX – The Rise of Skywalker
60%
2017 Star Wars: Episode VIII – The Last Jedi
60%
2015 Star Wars: Episode VII – The Force Awakens
60%
2008 Star Wars: The Clone Wars
60%
1928 Steamboat Willie
60%
2008 The Dark Knight
60%
2012 The Dark Knight Rises
60%
1980 The Empire Strikes Back
60%
2001 The Fast and the Furious
60%
1985 The Goonies
60%
2012 The Hobbit: An Unexpected Journey
60%
2013 The Hobbit: The Desolation of Smaug
60%
2013 The Lone Ranger
60%
2011 The Muppets
60%
2010 Tron: Legacy
60%
2020 Wonder Woman 1984
60%
2005 Batman Begins
53%
2002 Harry Potter and the Chamber of Secrets
53%
1993 Hocus Pocus
53%
2024 Piece by Piece
53%
2017 Pirates of the Caribbean: Dead Men Tell No Tales
53%
2011 Pirates of the Caribbean: On Stranger Tides
53%
2010 Tangled
53%
2014 The Amazing Spider-Man 2: Rise of Electro
53%
2021 Eternals
47%
1989 Indiana Jones and the Last Crusade
47%
2017 Justice League
47%
2010 Prince of Persia: The Sands of Time
47%
2023 Wish
47%
2018 Fantastic Beasts: The Crimes of Grindelwald
40%
1984 Indiana Jones and the Temple of Doom
40%
2013 Man of Steel
40%
1997 Batman & Robin
33%
2021 Dune
33%
1975 Jaws
33%
2008 Twilight
33%
2003 2 Fast 2 Furious
27%
1995 Batman Forever
27%
1992 Batman Returns
27%
2025 Jurassic World Rebirth
27%
2008 Speed Racer
20%
No matching quizzes found
Score Distribution
Percent of People with Each Score
Percentile by Number Answered
Your Score History
You have not taken this quiz